Mémoires d'un bourgeois de Paris / (Record no. 167341)
[ view plain ]
| 000 -LEADER | |
|---|---|
| campo de control de longitud fija | 00752nam a22001815i 4500 |
| 001 - NÚMERO DE CONTROL | |
| campo de control | 167341 |
| 003 - IDENTIFICADOR DE NÚMERO DE CONTROL | |
| campo de control | ES-MaACL |
| 005 - FECHA Y HORA DE LA ÚLTIMA TRANSACCIÓN | |
| campo de control | 20250808071901.0 |
| 008 - DATOS DE LONGITUD FIJA--INFORMACIÓN GENERAL | |
| campo de control de longitud fija | 981116m18531855fr |||| | fre d |
| 040 ## - FUENTE DE CATALOGACIÓN | |
| Centro catalogador/agencia de origen | CYL |
| Lengua de catalogación | spa |
| Centro/agencia transcriptor | CYL |
| 100 1# - ENTRADA PRINCIPAL--NOMBRE DE PERSONA | |
| Nombre de persona | Véron, Louis ( |
| Fechas asociadas al nombre | 1798-1867) |
| 9 (RLIN) | 152623 |
| 245 10 - MENCIÓN DEL TÍTULO | |
| Título | Mémoires d'un bourgeois de Paris / |
| Mención de responsabilidad, etc. | par L. Véron. |
| 260 ## - PUBLICACIÓN, DISTRIBUCIÓN, ETC. | |
| Lugar de publicación, distribución, etc. | Paris : |
| Nombre del editor, distribuidor, etc. | Gabriel de Gonet : |
| -- | Martinon, |
| Fecha de publicación, distribución, etc. | 1853-1855 ( |
| Fabricante | Impr. Lacour et Cie.) |
| 300 ## - DESCRIPCIÓN FÍSICA | |
| Extensión | 6 v. ; |
| Dimensiones | 23 cm. |
| 651 #4 - PUNTO DE ACCESO ADICIONAL DE MATERIA--NOMBRE GEOGRÁFICO | |
| Nombre geográfico | Francia- |
| Subdivisión general | Historia- |
| Subdivisión cronológica | 1789-1900 |
| 9 (RLIN) | 8693 |
| 852 ## - LOCALIZACIÓN | |
| Ubicación | ES-MaACL |
| Número de control de estantería | G-10849-53 |
| Nota libre | -- Enc. hol. |
| condición física | -- Falta el T. I |
| Encuadernación | -- Edic.: T. II. 400 p. (1853) -- T. III. 356 p. (1854) -- T. IV. 316 p. (1854) -- T. V. 327 p. (1855) -- T. VI. 326 p. (1855) |
| Estatus retirado | Estado de pérdida | Estado de daño | No para préstamo | Colección | Biblioteca de origen | Biblioteca actual | Ubicación en estantería | Fecha de adquisición | Total de préstamos | Signatura topográfica completa | Código de barras | Visto por última vez | Precio de reemplazo | Tipo de ítem Koha |
|---|---|---|---|---|---|---|---|---|---|---|---|---|---|---|
| Libros del s. XIX | Biblioteca del Ateneo de Madrid | Biblioteca del Ateneo de Madrid | Sala Pecera Planta 3 | 17/01/2008 | G-10849-53 | 1175549 | 23/02/2023 | 23/02/2023 | Libro impreso antiguo |
